<?xml version="1.0" encoding="UTF-8"?>
<record
    xmlns:xsi="http://www.w3.org/2001/XMLSchema-instance"
    xsi:schemaLocation="http://www.loc.gov/MARC21/slim http://www.loc.gov/standards/marcxml/schema/MARC21slim.xsd"
    xmlns="http://www.loc.gov/MARC21/slim">

  <leader>00826nam a22002537a 4500</leader>
  <controlfield tag="005">20170123162333.0</controlfield>
  <datafield tag="010" ind1=" " ind2=" ">
    <subfield code="a">A-697390</subfield>
  </datafield>
  <datafield tag="020" ind1=" " ind2=" ">
    <subfield code="c">75.00</subfield>
  </datafield>
  <datafield tag="035" ind1=" " ind2=" ">
    <subfield code="a">A-697390</subfield>
  </datafield>
  <datafield tag="037" ind1=" " ind2=" ">
    <subfield code="b">Cen Lib/Ret</subfield>
  </datafield>
  <datafield tag="040" ind1=" " ind2=" ">
    <subfield code="a">DPL</subfield>
    <subfield code="b">UR</subfield>
  </datafield>
  <datafield tag="082" ind1=" " ind2=" ">
    <subfield code="a">&#x646; </subfield>
    <subfield code="b">&#x62D; &#x62C; &#x627; </subfield>
  </datafield>
  <datafield tag="100" ind1=" " ind2=" ">
    <subfield code="a">&#x62D;&#x62C;&#x627;&#x628; &#x627;&#x645;&#x62A;&#x6CC;&#x627;&#x632; &#x639;&#x644;&#x6CC;</subfield>
    <subfield code="9">109692</subfield>
  </datafield>
  <datafield tag="245" ind1=" " ind2=" ">
    <subfield code="a">&#x638;&#x627;&#x644;&#x645; &#x645;&#x648;&#x62D;&#x628;&#x651;&#x62A; /</subfield>
    <subfield code="c">&#x62D;&#x62C;&#x627;&#x628; &#x627;&#x645;&#x62A;&#x6CC;&#x627;&#x632; &#x639;&#x644;&#x6CC;</subfield>
  </datafield>
  <datafield tag="246" ind1=" " ind2=" ">
    <subfield code="a">Zalim mohabbat /</subfield>
    <subfield code="b">by Hajab Imtiyaz Ali </subfield>
  </datafield>
  <datafield tag="260" ind1=" " ind2=" ">
    <subfield code="b">&#x6C1;&#x631;&#x6CC;&#x627;&#x646;&#x6C1; &#x67E;&#x628;&#x644;&#x634;&#x646;&#x6AF; &#x6C1;&#x627;&#x624;&#x633; </subfield>
    <subfield code="a">&#x646;&#x6CC;&#x6CC; &#x62F;&#x6C1;&#x644;&#x6CC; </subfield>
  </datafield>
  <datafield tag="270" ind1=" " ind2=" ">
    <subfield code="b">&#x646;&#x6CC;&#x6CC; &#x62F;&#x6C1;&#x644;&#x6CC; </subfield>
    <subfield code="a">&#x661;&#x666;&#x665;&#x60C; &#x6C1;&#x648;&#x62C; &#x631;&#x627;&#x646;&#x6CC; &#x645;&#x644;&#x648;&#x627;&#x6CC;&#x627; &#x646;&#x6AF;&#x631; </subfield>
    <subfield code="e">110017</subfield>
  </datafield>
  <datafield tag="300" ind1=" " ind2=" ">
    <subfield code="a">255p.</subfield>
    <subfield code="c">18cm(Hb)</subfield>
  </datafield>
  <datafield tag="650" ind1=" " ind2=" ">
    <subfield code="a">&#x627;&#x62F;&#x628; -- &#x627;&#x631;&#x62F;&#x648;       </subfield>
    <subfield code="9">122774</subfield>
  </datafield>
  <datafield tag="650" ind1=" " ind2=" ">
    <subfield code="a">&#x627;&#x631;&#x62F;&#x648;&#x646;&#x627;&#x648;&#x644;   </subfield>
    <subfield code="9">122775</subfield>
  </datafield>
  <datafield tag="650" ind1=" " ind2=" ">
    <subfield code="a">Literature -- Urdu</subfield>
    <subfield code="9">122776</subfield>
  </datafield>
  <datafield tag="650" ind1=" " ind2=" ">
    <subfield code="a">Urdu novel</subfield>
    <subfield code="9">122777</subfield>
  </datafield>
  <datafield tag="942" ind1=" " ind2=" ">
    <subfield code="2">ddc</subfield>
    <subfield code="c">UR</subfield>
    <subfield code="h">&#x646; </subfield>
    <subfield code="m">&#x62D; &#x62C; &#x627; </subfield>
  </datafield>
  <datafield tag="999" ind1=" " ind2=" ">
    <subfield code="c">107951</subfield>
    <subfield code="d">107951</subfield>
  </datafield>
  <datafield tag="952" ind1=" " ind2=" ">
    <subfield code="0">0</subfield>
    <subfield code="1">0</subfield>
    <subfield code="4">0</subfield>
    <subfield code="7">0</subfield>
    <subfield code="a">L</subfield>
    <subfield code="b">L</subfield>
    <subfield code="d">2016-01-13</subfield>
    <subfield code="e">Cen Lib/Ret</subfield>
    <subfield code="g">75.00</subfield>
    <subfield code="l">1</subfield>
    <subfield code="o">&#x646;  &#x62D; &#x62C; &#x627;</subfield>
    <subfield code="p">A-697390</subfield>
    <subfield code="r">2017-05-17 00:00:00</subfield>
    <subfield code="s">2017-05-06</subfield>
    <subfield code="t">1</subfield>
    <subfield code="v">75.00</subfield>
    <subfield code="w">2016-01-13</subfield>
    <subfield code="y">UR</subfield>
  </datafield>
</record>
